Gaming Quiz

Random Gaming or Pokémon Quiz

Pokearth Quiz Stats

 Plays Quiz not verified by Sporcle

Challenge
Share
Tweet
Score 0/20 Timer 10:00
0 Plays Today
% Correct
???
57.9%
???
57.1%
???
54%
???
53.2%
???
46%
???
46%
???
45.2%
???
43.7%
???
39.7%
???
38.9%
% Correct
???
38.1%
???
37.3%
???
37.3%
???
37.3%
???
36.5%
???
34.9%
???
34.9%
???
34.9%
???
32.5%
???
30.2%

You're not logged in!

Compare scores with friends on all Sporcle quizzes.
Join for Free
OR
Log In

You Might Also Like...

Show Comments

Extras

Top Quizzes Today


Score Distribution

Your Account Isn't Verified!

In order to create a playlist on Sporcle, you need to verify the email address you used during registration. Go to your Sporcle Settings to finish the process.

Report this User

Report this user for behavior that violates our Community Guidelines.

Details: